Лазерная сварка титанового сплава ВТ20 с применением нанодисперсных нанокуляторов; Современные техника и технологии; Т. 2

Detalles Bibliográficos
Parent link:Современные техника и технологии: сборник трудов XVI Международной научно-практической конференции студентов, аспирантов и молодых ученых, Томск, 12-16 апреля 2010 г/ Национальный исследовательский Томский политехнический университет (ТПУ).— , 2010
Т. 2.— 2010.— [С. 255-257]
Autor Principal: Шелудько Н. В.
Outros autores: Головин Е. Д. (научный руководитель), Павлюкова Д. В., Батаев В. А.
Summary:Заглавие с титульного листа
Электронная версия печатной публикации
Idioma:ruso
Publicado: 2010
Subjects:
Acceso en liña:http://www.lib.tpu.ru/fulltext/c/2010/C01/V2/109.pdf
Formato: MixedMaterials Electrónico Capítulo de libro
KOHA link:https://koha.lib.tpu.ru/cgi-bin/koha/opac-detail.pl?biblionumber=233081

MARC

LEADER 00000naa2a2200000 4500
001 233081
005 20251205095153.0
035 |a (RuTPU)RU\TPU\book\254148 
035 |a RU\TPU\book\254146 
090 |a 233081 
100 |a 20130226d2010 k y0rusy50 ca 
101 0 |a rus 
102 |a RU 
135 |a drnn ---uucaa 
181 0 |a i  
182 0 |a b 
200 1 |a Лазерная сварка титанового сплава ВТ20 с применением нанодисперсных нанокуляторов  |f Н. В. Шелудько, Е. Д. Головин, Д. В. Павлюкова  |g науч. рук. В. А. Батаев 
203 |a Текст  |c электронный 
215 |a 1 файл (293 Кб) 
300 |a Заглавие с титульного листа 
300 |a Электронная версия печатной публикации 
337 |a Adobe Reader 
461 0 |0 (RuTPU)RU\TPU\book\245271  |t Современные техника и технологии  |o сборник трудов XVI Международной научно-практической конференции студентов, аспирантов и молодых ученых, Томск, 12-16 апреля 2010 г  |o в 3 т.  |f Национальный исследовательский Томский политехнический университет (ТПУ)  |d 2010 
463 0 |0 (RuTPU)RU\TPU\book\250479  |t Т. 2  |v [С. 255-257]  |d 2010 
610 1 |a электронный ресурс 
610 1 |a лазерная сварка 
610 1 |a титановые сплавы 
610 1 |a инокуляторы 
610 1 |a нанодисперсные материалы 
610 1 |a мелкодисперсные частицы 
610 1 |a порошки 
700 1 |a Шелудько  |b Н. В. 
701 1 |a Головин  |b Е. Д. 
701 1 |a Павлюкова  |b Д. В. 
702 1 |a Батаев  |b В. А.  |4 727 
801 1 |a RU  |b 63413507  |c 20130213 
801 2 |a RU  |b 63413507  |c 20130513  |g RCR 
856 4 |u http://www.lib.tpu.ru/fulltext/c/2010/C01/V2/109.pdf 
942 |c CF